Gaston Lachaise : portrait sculpture /

Bibliographic Details
Main Author: Carr, Carolyn Kinder
Other Authors: Fern, Alan Maxwell, 1930-, Christman, Margaret C. S.
Format: Book
Language:English
Published: Washington City : National Portrait Gallery in association with the Smithsonian Institution Press, 1985.
Subjects:

MARC

Tag First Indicator Second Indicator Subfields
LEADER 00000cam a2200000 a 4500
001 in00000404607
005 20151012051013.0
008 851203s1985 dcu 00010 eng d
010 |a  85063073  
020 |a 0874743052 
035 |a (OCoLC)12865877 
035 |9 ABT2874AM 
040 |a SMI  |c SMI  |d TXA  |d UtOrBLW 
049 |a TXAM  |c [A09270099] 
090 |a N40.1.L13  |b C3 1985 
100 1 |a Carr, Carolyn Kinder. 
245 1 0 |a Gaston Lachaise :  |b portrait sculpture /  |c by Carolyn Kinder Carr and Margaret C.S. Christman. 
264 1 |a Washington City :  |b National Portrait Gallery in association with the Smithsonian Institution Press,  |c 1985. 
300 |a xi, 170 pages :  |b illustrations, portraits ;  |c 28 cm. 
336 |a text  |b txt  |2 rdacontent 
337 |a unmediated  |b n  |2 rdamedia 
338 |a volume  |b nc  |2 rdacarrier 
500 |a Foreword by Alan Fern. 
500 |a Catalog of an exhibition held at the National Portrait Gallery, Nov. 22, 1985 to Feb. 16, 1986. 
600 1 0 |a Lachaise, Gaston,  |d 1882-1935  |x Exhibitions. 
650 0 |a Portrait sculpture, American  |x Exhibitions. 
700 1 |a Fern, Alan Maxwell,  |d 1930- 
700 1 |a Christman, Margaret C. S. 
999 |a MARS 
999 f f |s 6ed0bce1-d658-312a-9885-577bcb62c3e9  |i e2089b0a-f569-3a1a-8e52-c425889eb15d  |t 0 
952 f f |p ric  |a Texas A&M University  |b Rellis Campus  |c Joint Library Facility  |d Remote Storage  |t 0  |e N40.1.L13 C3 1985  |h Library of Congress classification  |i unmediated -- volume  |m A14809270099 
998 f f |a N40.1.L13 C3 1985  |t 0  |l Remote Storage